000
00277nam a22001337a 4500
008
180207b xxu||||| |||| 00| 0 eng d
020
_a
9780134360188
041
_a
eng
080
_a
82
100
_a
21
101
_a
GHU
245
_a
LITERATURE
_c
SILVER.M
942
_2
udc
_c
BK
999
_c
42040
_d
42040